Statystyki dla Bajka, której bohaterką jest mała dziewczynka:

Kliknij tutaj aby rozwiązać quiz!

Ogólne statystyki

  • Ten quiz został rozwiązany 37 razy
  • Średni wynik to 2 z 5

Statystyki odpowiedzi

Odpowiedź% Poprawnych
Dziewczynka z zapałkami
63%
Czerwony Kapturek
57%
Calineczka
43%
Jaś i Małgosia
40%
Alicja w
Krainie Czarów
27%

Rozkład punktacji

Percentyl według liczby udzielonych odpowiedzi

Procent ludzi z każdym wynikiem

Twoja historia wyników

Nie rozwiązałeś tego quizu